| 000 | 00795nam a22002177a 4500 | ||
|---|---|---|---|
| 999 |
_c795 _d795 |
||
| 003 | AR-CdUCM | ||
| 008 | 190225b ||||| |||| 00| 0 spa d | ||
| 040 |
_aMUNICIPALIDAD PROVINCIAL DEL CUSCO _cBIBLIOTECA MUNICIPAL DEL CUSCO |
||
| 082 |
_a 311 / _bB79 |
||
| 100 |
_aBoza Vega, Adriel _93020 |
||
| 245 |
_aMito, poesía y teatro / _cAdriel Boza Vega |
||
| 260 |
_aCusco : _bQuality print, _c2010. |
||
| 300 |
_a129 paginas ; _b9 Fotografías. _c20 cm. |
||
| 505 | _aMitología indígena comparada -- Así llego a tomar el nombre de Santo Tomas -- El zorro y el niño Jesús -- Amor andino -- semblanza y el chucarero ... | ||
| 650 |
_aMito _93021 |
||
| 650 |
_aPoesia _91598 |
||
| 650 |
_aTeatro _9173 |
||
| 650 |
_aValores artisticos _93022 |
||
| 942 |
_2ddc _cLIBROS |
||
| 945 |
_aacv _d2019-02-25 |
||